Представление документа в формате RUSMARC

ПолеНазваниеЗначение
  Тип записи a
  Библиографический уровень a
001 Контрольный номер RU/IS/BASE/406282301
005 Дата корректировки 20240209175125.8
100 Данные общей обработки __
a Данные общей обработки 20121115d2012 ||| 0rusy0189 ca
101 Язык документа __
a Язык текста rus
102 Страна публикации __
a Страна публикации RU
105 Кодированные данные (монография) __
a Кодированные данные (монография) y###||||000|y
181 Поле кодированных данных: вид содержания _1
a Код вида содержания (ISBD) i#
b Код характеристики содержания (ISBD) #xxe##
d i
g x
h x
i e
2 Код системы (источник кода, отличный от ISBD) isbdcontent
182 Поле кодированных данных: тип средства _1
a Код типа средства (ISBD) n
2 Код системы (источник кода, отличный от ISBD) isbdmedia
200 Заглавие и сведения об ответственности 1_
a Заглавие Русский Шерлок Холмс:
b Общее обозначение материала Текст
e Сведения, относящиеся к заглавию А. Ф. Кошко - криминалист и сыщик, начальник Московской сыскной полиции, позднее делопроизводитель Департамента полиции Российской империи
f Первые сведения об ответственности А. Березовская
w Текст (визуальный) : непосредственный
203 Вид содержания и тип средства __
a Вид содержания Текст
b Характеристика содержания визуальный
c Тип средства непосредственный
461 Уровень набора _0
1 2000
a Родина
463 Уровень физической единицы _0
1 001RU/IS/BASE/406280953
1 2000
a №11
v С. 46
1 210
d 2012
600 Персоналии _0
a Персоналии (Фамилия) Кошко
b Персоналии (Имя, инициалы) А. Ф.
606 Тематические рубрики 0_
a Основная рубрика Кошко, Аркадий Францевич (1867-1928), о нём
686 Индексы других классификаций __
a Классификационный индекс 63.3(2)5
2 Код системы ББК
700 Автор _1
a Фамилия Березовская
b Имя (инициалы) А.
801 Источник записи _0
a Страна RU
b Организация МБУК ЦБС г. Ульяновска
c Дата составления 20121115
g Правила каталогизации RCR
801 Источник записи _1
a Страна RU
b Организация IS
c Дата составления 20121115
g Правила каталогизации RCR
901 Тип документа __
t Тип документа b
w Контрольный № источника RU/IS/BASE/406280953
910 Корректоры записи __
a Корректор записи Библиотека 15
938 Служебная информация __
a Имя БД period